Statistics for Breaking Bad Quiz

Click here to take the quiz!

General Stats

  • This quiz has been taken 99 times
  • The average score is 6 of 12

Answer Stats

HintAnswer% Correct
In what episode does Walter attempt to kill an insect for the entire episode?Fly
79%
What is the name of the man that Walter keeps in his basement?Krazy 8
77%
What piece of clothing is Walter missing at the start of the show?Pants
72%
Who is the Chilean drug lord that Walter works for in season 2 and 3?Gustavo Fring
67%
What did Jesse Pinkman dissolve Emilio's body in?Bathtub
58%
Who does Skyler give $600,000 to?Ted Beneke
58%
What city and state does Breaking Bad take place in?Albuquerque New Mexico
48%
What is the name of the Chemist who is hired to replace Walter?Gale Boetticher
38%
What is Walter White's address?308 Negra Arroyo Lane
31%
What is his actual name?Domingo
30%
What is the key ingredient to Walter's famous Blue meth?Methylamine
26%
What did Jesse Pinkman use to dissolve Emilio's body?Hydrofluoric Acid
17%

Score Distribution

Percentile by Number Answered

Percent of People with Each Score

Your Score History

You have not taken this quiz